ბათუმის შოთა რუსთაველის სახელმწიფო უნივერსიტეტის ბიბლიოთეკა

ჭოროხი : (ბიბ.ჩანაწერი № 56696)

000 -LEADER
fixed length control field 00861nam a2200217Ia 4500
001 - CONTROL NUMBER
control field 23818
003 - CONTROL NUMBER IDENTIFIER
control field GE_BSU
005 - DATE AND TIME OF LATEST TRANSACTION
control field 20210419180951.0
008 - FIXED-LENGTH DATA ELEMENTS--GENERAL INFORMATION
fixed length control field 181216c2018||||ge |||||||||||||| ||geo||
022 ## - INTERNATIONAL STANDARD SERIAL NUMBER
International Standard Serial Number 0134-3459
040 ## - CATALOGING SOURCE
Transcribing agency GE_BSU
041 ## - LANGUAGE CODE
Language code of text/sound track or separate title geo
245 ## - TITLE STATEMENT
Title ჭოროხი :
Remainder of title 2018 : ლიტერატურულ - სამხატვრო და საზოგადოებრივი ჟურნალი /
Statement of responsibility, etc. მთ. რედაქტორი სანდრო ბერიძე.
260 ## - PUBLICATION, DISTRIBUTION, ETC.
Place of publication, distribution, etc. ბათუმი,
Date of publication, distribution, etc. 1958-
300 ## - PHYSICAL DESCRIPTION
Extent v.
653 ## - INDEX TERM--UNCONTROLLED
Uncontrolled term ჭოროხი
653 ## - INDEX TERM--UNCONTROLLED
Uncontrolled term პეროდიკა
700 ## - ADDED ENTRY--PERSONAL NAME
Personal name ბერიძე, სანდრო
Relator term მთავარი რედაქტორი
9 (RLIN) 4725
710 ## - ADDED ENTRY--CORPORATE NAME
Corporate name or jurisdiction name as entry element აჭარის მწერალთა სახლი
9 (RLIN) 11446
942 ## - ADDED ENTRY ELEMENTS (KOHA)
Koha item type პერიოდიკა
Source of classification or shelving scheme
ეგზემპლარები
Withdrawn status Lost status Source of classification or shelving scheme Damaged status Not for loan Permanent Location Current Location Date acquired Cost, normal purchase price Serial Enumeration / chronology Barcode Date last seen Copy number Price effective from Koha item type Public note
        შიდა ფონდი ბათუმის შოთა რუსთაველის სახელმწიფო უნივერსიტეტის მთავარი ბიბლიოთეკა ბათუმის შოთა რუსთაველის სახელმწიფო უნივერსიტეტის მთავარი ბიბლიოთეკა 2018-12-17 0.00 # 4 ივლისი-აგვისტო (2018) p 79775 2018-12-17 p 79775 2018-12-17 პერიოდიკა
        შიდა ფონდი ბათუმის შოთა რუსთაველის სახელმწიფო უნივერსიტეტის მთავარი ბიბლიოთეკა ბათუმის შოთა რუსთაველის სახელმწიფო უნივერსიტეტის მთავარი ბიბლიოთეკა 2021-04-19   # 1 იანვარი- თებერვალი (2018) p 80793 2021-04-19 p 80793 2021-04-19 პერიოდიკა  
        შიდა ფონდი ბათუმის შოთა რუსთაველის სახელმწიფო უნივერსიტეტის მთავარი ბიბლიოთეკა ბათუმის შოთა რუსთაველის სახელმწიფო უნივერსიტეტის მთავარი ბიბლიოთეკა 2021-04-19   # 1 იანვარი- თებერვალი (2018) p 80794 2021-04-19 p 80794 2021-04-19 პერიოდიკა  
        შიდა ფონდი ბათუმის შოთა რუსთაველის სახელმწიფო უნივერსიტეტის მთავარი ბიბლიოთეკა ბათუმის შოთა რუსთაველის სახელმწიფო უნივერსიტეტის მთავარი ბიბლიოთეკა 2021-04-19   # 1 იანვარი- თებერვალი (2018) p 80795 2021-04-19 p 80795 2021-04-19 პერიოდიკა  
        შიდა ფონდი ბათუმის შოთა რუსთაველის სახელმწიფო უნივერსიტეტის მთავარი ბიბლიოთეკა ბათუმის შოთა რუსთაველის სახელმწიფო უნივერსიტეტის მთავარი ბიბლიოთეკა 2021-04-19   # 2 მარტი - აპრილი (2018) p 80796 2021-04-19 p 80796 2021-04-19 პერიოდიკა  
        შიდა ფონდი ბათუმის შოთა რუსთაველის სახელმწიფო უნივერსიტეტის მთავარი ბიბლიოთეკა ბათუმის შოთა რუსთაველის სახელმწიფო უნივერსიტეტის მთავარი ბიბლიოთეკა 2021-04-19   # 5 სექტემბერი- ოქტომბერი (2018) p 80797 2021-04-19 p 80797 2021-04-19 პერიოდიკა  
        შიდა ფონდი ბათუმის შოთა რუსთაველის სახელმწიფო უნივერსიტეტის მთავარი ბიბლიოთეკა ბათუმის შოთა რუსთაველის სახელმწიფო უნივერსიტეტის მთავარი ბიბლიოთეკა 2021-04-19   # 6 ნოემბერი - დეკემბერი (2018) p 80798 2021-04-19 p 80798 2021-04-19 პერიოდიკა